| 000 | 00562nam a2200181 a 4500 | ||
|---|---|---|---|
| 001 | 3853 | ||
| 003 | CDMR | ||
| 005 | 20130116135249.0 | ||
| 008 | 130130s1971||||||||||||||||||||||||||||d | ||
| 040 |
_aCDMR _bcat _cCDMR |
||
| 245 | 0 | _aActividades de escuelas oficiales del departamento | |
| 260 |
_aMadrid _c1971 _bMinisterio de Información y Turismo |
||
| 300 |
_a58 p ; _c30 cm |
||
| 490 | 0 |
_aInformes del Ministerio de Información y Turismo _v17 _92706 |
|
| 500 | _aExemplar fotocopiat | ||
| 610 | 2 | 4 |
_aEscuela Oficial de Periodismo _vActividades _92816 |
| 942 | _cMON | ||
| 999 |
_c3853 _d3853 |
||